000 00282nam a2200133Ia 4500
008 231129s1982||||xx |||||||||||||| ||spa||
040 _bspa
082 _aF843 Z86nan
100 _aZola Emile
245 0 _aNana
260 _c1982
264 _aLa Oveja Negra
942 _2ddc
_cBKS
999 _c21575
_d21575